Lords Mobile: Eroi - Statistics

Statistiche generali
  • Questo quiz è stato fatto 3 volte
    2 dall'ultimo reset
  • Il punteggio medio è 25 su 57
Statistiche sulle risposte
Nome Nickname % Corretto
Boom-Hilda Segugio
100%
Chadra Corvo nero
100%
Coral Cantora del mare
100%
Granradice Osservatore
100%
Icarus Corvo notturno
100%
Joan Cavalierosa
100%
Monica Pirica
100%
Pettegolo Truffatore
100%
Sparky Apollineo
100%
Sudario Torcidemone
100%
Tinkus Goblin bombarolo
100%
Ursula Berserker
100%
Alice Dama delle nevi
50%
Anderson Saggio dei venti
50%
Astre Strega bambola
50%
Beatrix Diavoletta
50%
Bellena Oracolo
50%
Cathiss Arciere letale
50%
Drumyr Creatore
50%
Felicia Primadonna
50%
Fenrir Lupo Oscuro
50%
Gravios Drago del Caos
50%
Greta Dardo scarlatto
50%
Jonas Seguace oscuro
50%
Kassim Principe dei Ladri
50%
Lochfin Signore del mare
50%
Manfred Brandt Boommeister
50%
Monocolo Colosso
50%
Ramsay Il cucinatore
50%
Rasmus Elementalista
50%
Rolanda Fanciulla dei Fiori
50%
Saetta Ombra
50%
Shane Cavaliere fatale
50%
Tarkus Centauro Astioso
50%
Thalia Tessistorie
50%
Thorn Femme Fatale
50%
Wesley Custode d'onore
50%
Alfonso Don Guapo
0%
Anaya Bonn Guida eterea
0%
Austin Spaccaonde
0%
Eloise Strega Onirica
0%
Elora Domatrice della Luce
0%
Forrest Guardiano delle Radici
0%
Har'Kon Maestro Oscuro
0%
Ilya Saggia della Sabbia
0%
Joanna Cacciatrice Maledetta
0%
Kauket Principessa del Crepuscolo
0%
Kimiya Alchimista errante
0%
Lilith Mutaforma
0%
Lionel Necroduca
0%
Lisa Cronista
0%
Marcia Fanciulla Scudo
0%
M.A.V. Steambot
0%
Mizuki Volpe della Tempesta
0%
Seiya Pegasus
0%
Shelley Principessa Lumaca
0%
Vulcan Magmaroid
0%
Nessun quiz corrispondente trovato
Distribuzione punteggi
Percentuale di utenti per punteggio
Percentile per numero di risposta
I tuoi punteggi nel tempo
Non hai fatto questo quiz dall'ultimo reset